| 000 | 00610nam a22002057a 4500 | ||
|---|---|---|---|
| 999 |
_c155157 _d155157 |
||
| 003 | dpl | ||
| 005 | 20181110145747.0 | ||
| 008 | 180730b xxu||||| |||| 00| 0 eng d | ||
| 010 | _aB-163360, B-163361 | ||
| 020 | _c0.00 | ||
| 035 | _aB-163360, B-163361 | ||
| 037 | _bBPPD/PUB | ||
| 040 |
_aDPL _bEN _c0 |
||
| 082 |
_aS _bTHE |
||
| 245 |
_aThe harper collins book of Urdu : _cMuhammad Umar Memon _bShort stories |
||
| 260 |
_aNew Delhi _bHarper Collins Publishers India _c2005 |
||
| 270 |
_a1A Hamilton House, Connaught Place _bNew Delhi _e110001 |
||
| 300 |
_a256p. _c22cm(Hb) |
||
| 942 |
_2ddc _cEN _hS _mTHE |
||